000 01271nam a2200265 4500
001 173917
003 ES-MaACL
005 20250730063151.0
008 100128c1984 fr a |||| | fre d
020 _a2-903639-29-9
080 _a711.4(464.1 M.-212)
100 1 _aSoria y Mata, Arturo,
_d1844-1920
_9107372
245 1 3 _aLa Cité Linéaire
_b: conception nouvelle pour l'aménagement des villes /
_c[Arturo Soria y Mata].
246 3 5 _aLa Cité Linéaire
_b: nouvelle architecture de villes
250 _a2e impr.
260 _aParis :
_bÉcole nationale supérieure des Beaux-Arts,
_c1984.
300 _aXII, 51 p., 2 h. de lám. :
_bil., planos ;
_c27 cm.
505 8 _aContiene: ;
_tLa Cité Linéaire : nouvelle architecture de villes /
_rrapport présenté par la "Compañía Madrileña de Urbanización" dans le "Premier Congrès International de l'Art de construirie villes et organization de la vie municipale", de Gand ; traduction de M. Georges Benoit-Levy
599 _aRetr. de Arturo Soria.
650 _aUrbanismo-
_zCiudad Lineal (Madrid, Distrito)
_917698
651 _aCiudad Lineal (Madrid, Distrito)
_9145210
710 2 _aCompañía Madrileña de Urbanización.
_93121
852 4 _a BA
_j2279-F-16
999 _c173917
_d173917